[Event "DC International"]
[Site "Arlington, VA"]
[Date "2013.06.30"]
[Round "7.12"]
[White "Samuelson, Andrew"]
[Black "Bodek, Michael"]
[Result "0-1"]
[WhiteElo "2207"]
[BlackElo "2339"]
[PlyCount "104"]
[EventDate "2013.06.??"]
[EventType "swiss"]
[EventRounds "9"]
[EventCountry "USA"]
[SourceDate "2013.06.27"]

1. e4 c5 2. Nf3 d6 3. d4 cxd4 4. Nxd4 Nf6 5. Nc3 g6 6. Be3 Bg7 7. f3 O-O 8. Qd2
Nc6 9. O-O-O d5 10. exd5 Nxd5 11. Nxc6 bxc6 12. Bd4 e5 13. Bc5 Be6 14. Ne4 Re8
15. h4 Nf4 16. Qe1 Qc7 17. g3 Nd5 18. Bc4 h6 19. g4 Nf4 20. Bxe6 Nxe6 21. Bd6
Qb6 22. g5 h5 23. Kb1 Nd4 24. c3 Nf5 25. Bc5 Qb5 26. Qf2 Red8 27. b3 a5 28. c4
Qb7 29. Bb6 Rxd1+ 30. Rxd1 Nd4 31. c5 Qe7 32. Qe3 Qe6 33. Nd6 Qh3 34. Nc4 a4
35. b4 Qxh4 36. Ba5 Qh2 37. Rd2 Qh1+ 38. Kb2 Qxf3 39. Qxf3 Nxf3 40. Rg2 h4 41.
Ka3 h3 42. Rg3 Nxg5 43. Rg1 Ne4 44. Rh1 Nc3 45. Rxh3 e4 46. Nb6 Re8 47. Nxa4 e3
48. Rh1 e2 49. Re1 Nxa4 50. Kxa4 Bc3 51. b5 Re4+ 52. Bb4 Rxb4+ 0-1

[Event "DC International"]
[Site "Arlington, VA"]
[Date "2013.06.30"]
[Round "7.16"]
[White "Prathiba, Yuvarajan"]
[Black "Omoifo, Osemekhian"]
[Result "1-0"]
[WhiteElo "2189"]
[BlackElo "2283"]
[PlyCount "128"]
[EventDate "2013.06.??"]
[EventType "swiss"]
[EventRounds "9"]
[EventCountry "USA"]
[SourceDate "2013.06.27"]

1. e4 d6 2. d4 Nf6 3. Nc3 g6 4. Nf3 Bg7 5. Be2 O-O 6. Bg5 c6 7. Qd2 Re8 8. Bd3
e5 9. dxe5 dxe5 10. h3 Nbd7 11. Be3 Qc7 12. a4 Nf8 13. O-O Ne6 14. Ne2 Nh5 15.
Ng5 Nxg5 16. Bxg5 Be6 17. Rad1 f6 18. Bh6 g5 19. Bxg7 Kxg7 20. Ng3 Nf4 21. Qe3
Qb6 22. Nf5+ Bxf5 23. exf5 Qxe3 24. fxe3 Nd5 25. Be4 Red8 26. Bxd5 cxd5 27. Rd3
Rac8 28. Rf2 Kf7 29. Rfd2 Ke7 30. Kf2 Rc5 31. Ke2 a5 32. Rb3 Rd7 33. Rb6 d4 34.
exd4 exd4 35. Re6+ Kf7 36. g4 Rxc2 37. Rxc2 d3+ 38. Kd2 dxc2+ 39. Kxc2 h5 40.
Kc3 hxg4 41. hxg4 Rd1 42. Rb6 Rg1 43. Rxb7+ Kf8 44. Kd4 Rxg4+ 45. Kd5 Rxa4 46.
Ra7 Rb4 47. Rxa5 Rxb2 48. Ra7 Re2 49. Kd6 Re5 50. Rb7 Rxf5 51. Ke6 Rf4 52. Ra7
g4 53. Rb7 Rf3 54. Rb4 g3 55. Rg4 f5 56. Rg5 f4 57. Rf5+ Kg7 58. Rg5+ Kh6 59.
Kf6 Rf2 60. Rg8 Kh5 61. Kf5 Kh6 62. Kf6 Kh7 63. Rg7+ Kh8 64. Rg4 g2 1-0

[Event "DC International"]
[Site "Arlington, VA"]
[Date "2013.06.30"]
[Round "7.20"]
[White "Wheeler, Cameron"]
[Black "Beilin, Allan"]
[Result "1/2-1/2"]
[WhiteElo "2215"]
[BlackElo "2026"]
[PlyCount "151"]
[EventDate "2013.06.??"]
[EventType "swiss"]
[EventRounds "9"]
[EventCountry "USA"]
[SourceDate "2013.06.27"]

1. Nf3 c5 2. c4 Nc6 3. Nc3 g6 4. g3 Bg7 5. Bg2 e5 6. O-O Nge7 7. Ne1 d6 8. Nc2
Be6 9. Ne3 O-O 10. d3 Qd7 11. Ned5 Bh3 12. Ne4 Nxd5 13. Bxh3 Qxh3 14. cxd5 Ne7
15. Qb3 Qd7 16. f4 f6 17. Nxc5 dxc5 18. d6+ Kh8 19. dxe7 Qxe7 20. f5 e4 21.
fxg6 hxg6 22. Rf4 Qf7 23. Rxe4 f5 24. Qxf7 Rxf7 25. Re6 Kh7 26. Rb1 b6 27. Kg2
Rc8 28. b3 b5 29. Bb2 Bxb2 30. Rxb2 c4 31. dxc4 bxc4 32. Rc2 c3 33. Rd6 Re7 34.
Kf3 Kg7 35. h4 Rc5 36. Rd4 Rec7 37. Ke3 Re7+ 38. Kd3 Rce5 39. Kxc3 Re3+ 40. Rd3
Rc7+ 41. Kd2 Rxe2+ 42. Kxe2 Rxc2+ 43. Rd2 Rc7 44. Kf3 Re7 45. Rd6 Kh6 46. Ra6
Kh5 47. Ra5 Kh6 48. b4 Re4 49. a3 Re7 50. Ra6 Kh5 51. a4 Kh6 52. b5 Kh5 53. a5
Kh6 54. b6 axb6 55. Rxb6 Re4 56. Ra6 Ra4 57. Ra8 Kg7 58. a6 Kf6 59. a7 Ra3+ 60.
Kf4 Ra4+ 61. Ke3 Kg7 62. Kd3 Kh7 63. Kc3 Kg7 64. Kb3 Ra1 65. Kc4 Ra4+ 66. Kc5
Ra1 67. Kc6 Ra2 68. Kd6 Ra6+ 69. Ke5 Ra5+ 70. Kf4 Ra4+ 71. Kf3 Ra3+ 72. Kg2
Ra2+ 73. Kh3 Ra4 74. Kg2 Ra2+ 75. Kf3 Ra3+ 76. Kf4 1/2-1/2

[Event "DC International"]
[Site "Arlington, VA"]
[Date "2013.06.30"]
[Round "7.22"]
[White "Maldonado, Oscar"]
[Black "Moazami, Amir"]
[Result "1-0"]
[WhiteElo "2194"]
[BlackElo "1951"]
[PlyCount "53"]
[EventDate "2013.06.??"]
[EventType "swiss"]
[EventRounds "9"]
[EventCountry "USA"]
[SourceDate "2013.06.27"]

1. Nf3 Nf6 2. d4 g6 3. c4 Bg7 4. Nc3 d5 5. Qb3 dxc4 6. Qxc4 O-O 7. e4 Nc6 8.
Bf4 Nh5 9. Be3 Bg4 10. d5 Na5 11. Qd3 c6 12. Nd4 cxd5 13. exd5 Rc8 14. h3 Bd7
15. Be2 Nf6 16. b3 b6 17. Rd1 Nb7 18. Bf3 Nd6 19. O-O Nf5 20. Nc6 Bxc6 21. dxc6
Qxd3 22. Rxd3 Nh4 23. Nb5 a6 24. Na7 Nxf3+ 25. gxf3 b5 26. Nxc8 Rxc8 27. c7 1-0

[Event "DC International"]
[Site "Arlington, VA"]
[Date "2013.06.30"]
[Round "7.25"]
[White "Nieto, Manuel"]
[Black "Patil, Anuprita"]
[Result "1/2-1/2"]
[WhiteElo "1975"]
[BlackElo "2075"]
[PlyCount "60"]
[EventDate "2013.06.??"]
[EventType "swiss"]
[EventRounds "9"]
[EventCountry "USA"]
[SourceDate "2013.06.27"]

1. Nf3 c5 2. g3 Nc6 3. Bg2 g6 4. c4 Bg7 5. Nc3 d6 6. O-O e6 7. e3 Nge7 8. d4
O-O 9. b3 Nf5 10. Ne2 Rb8 11. Bb2 b6 12. Qd2 Bb7 13. Rfd1 Qc7 14. e4 Nfe7 15.
dxc5 dxc5 16. Bxg7 Kxg7 17. Qd7 Qxd7 18. Rxd7 Rfd8 19. Rad1 Rxd7 20. Rxd7 Bc8
21. Rd6 e5 22. Nc3 Bg4 23. Nd5 Bxf3 24. Bxf3 Rb7 25. Bg4 Nd4 26. Bd7 Kf8 27.
Nf6 Ng8 28. Nd5 Ne7 29. Nf6 Ng8 30. Nd5 Ne7 1/2-1/2

[Event "DC International"]
[Site "Arlington, VA"]
[Date "2013.06.30"]
[Round "7.26"]
[White "Zhang, Yuanchen"]
[Black "Sinha, Sahil"]
[Result "1/2-1/2"]
[WhiteElo "2058"]
[BlackElo "1898"]
[PlyCount "82"]
[EventDate "2013.06.??"]
[EventType "swiss"]
[EventRounds "9"]
[EventCountry "USA"]
[SourceDate "2013.06.27"]

1. d4 Nf6 2. c4 e6 3. Nc3 d5 4. Bg5 Be7 5. e3 O-O 6. Nf3 c6 7. Rc1 Nbd7 8. Bd3
dxc4 9. Bxc4 b5 10. Bd3 Bb7 11. O-O a6 12. Bxf6 Nxf6 13. Ne4 Rc8 14. Nfg5 Nxe4
15. Nxe4 Qd5 16. Nc5 Bxc5 17. Rxc5 Qxa2 18. Qc2 g6 19. Qc3 a5 20. b3 Qa3 21.
Ra1 Qb4 22. Qxb4 axb4 23. Ra7 Rb8 24. h4 Rfd8 25. Be4 Rdc8 26. Kh2 Kf8 27. Kg3
Ke8 28. Rxb7 Rxb7 29. Bxc6+ Rxc6 30. Rxc6 Ra7 31. Rb6 Ra3 32. Rxb5 Rxb3 33. Rb7
Rb1 34. Kf3 b3 35. g3 Rb2 36. e4 h5 37. Ke3 Rb1 38. f3 b2 39. Kf4 Rd1 40. Rxb2
Rxd4 41. Rb7 Kf8 1/2-1/2

[Event "DC International"]
[Site "Arlington, VA"]
[Date "2013.06.30"]
[Round "7.27"]
[White "Nieto, Guillermo"]
[Black "Finney, Stuart"]
[Result "1/2-1/2"]
[WhiteElo "1949"]
[BlackElo "2143"]
[PlyCount "71"]
[EventDate "2013.06.??"]
[EventType "swiss"]
[EventRounds "9"]
[EventCountry "USA"]
[SourceDate "2013.06.27"]

1. e4 c5 2. Nc3 Nc6 3. Bb5 Nd4 4. Nf3 Nxb5 5. Nxb5 a6 6. Nc3 d6 7. h3 Nf6 8.
O-O g6 9. d4 cxd4 10. Nxd4 Bg7 11. Bg5 O-O 12. Qd2 b5 13. Rfe1 Bb7 14. Nd5 Re8
15. Bxf6 exf6 16. Nf3 Rc8 17. Rad1 Rc4 18. Nc3 b4 19. Nd5 Rcxe4 20. Rxe4 Rxe4
21. Nxb4 f5 22. c3 a5 23. Nd5 h6 24. Qd3 Qe8 25. Nc7 Qa4 26. Qxd6 Re2 27. Rd2
Bxf3 28. gxf3 Re1+ 29. Kg2 Qxa2 30. Qd8+ Bf8 31. Nd5 Qb1 32. Nf6+ Kg7 33. Ne8+
Kg8 34. Nf6+ Kg7 35. Ne8+ Kg8 36. Nf6+ 1/2-1/2

[Event "DC International"]
[Site "Arlington, VA"]
[Date "2013.06.30"]
[Round "7.33"]
[White "Beckman, Thomas"]
[Black "Zheng, Andrew"]
[Result "1/2-1/2"]
[WhiteElo "1977"]
[BlackElo "2088"]
[PlyCount "43"]
[EventDate "2013.06.??"]
[EventType "swiss"]
[EventRounds "9"]
[EventCountry "USA"]
[SourceDate "2013.06.27"]

1. d4 Nf6 2. c4 g6 3. Nc3 d5 4. Nf3 Bg7 5. Qb3 dxc4 6. Qxc4 c6 7. e4 O-O 8. Be2
Nbd7 9. Be3 Nb6 10. Qd3 Be6 11. Nd2 Ng4 12. Bxg4 Bxg4 13. f3 e5 14. d5 Bc8 15.
Nc4 Nxd5 16. Rd1 b5 17. exd5 bxc4 18. Qxc4 cxd5 19. Qxd5 Be6 20. Qxd8 Rfxd8 21.
b3 a6 22. Ke2 1/2-1/2

[Event "DC International"]
[Site "Arlington, VA"]
[Date "2013.06.30"]
[Round "7.34"]
[White "Nguyen, Tan"]
[Black "Patel, Advait"]
[Result "1-0"]
[WhiteElo "1746"]
[BlackElo "1978"]
[PlyCount "76"]
[EventDate "2013.06.??"]
[EventType "swiss"]
[EventRounds "9"]
[EventCountry "USA"]
[SourceDate "2013.06.27"]

1. d4 Nf6 2. c4 g6 3. Nc3 Bg7 4. e4 d6 5. Nge2 O-O 6. Ng3 c5 7. d5 e6 8. Be2
exd5 9. cxd5 a6 10. a4 Nbd7 11. O-O Re8 12. Bg5 h6 13. Be3 Rb8 14. Qc2 Qc7 15.
f4 Nxe4 16. Ncxe4 f5 17. Bf2 fxe4 18. Nxe4 Nf8 19. Ng3 b5 20. axb5 axb5 21. Bd3
Qf7 22. Be4 Bb7 23. Rad1 Ra8 24. f5 Qf6 25. b4 cxb4 26. Bd4 Qxd4+ 27. Rxd4
Bxd4+ 28. Kh1 Rec8 29. Qd2 Bc3 30. Qxh6 Ra1 31. Rxa1 Bxa1 32. fxg6 Bg7 33. Qf4
Rc7 34. h4 b3 35. h5 Be5 36. Qf2 b2 37. h6 Bxg3 38. h7+ Kg7 1-0

[Event "DC International"]
[Site "Arlington, VA"]
[Date "2013.06.30"]
[Round "8.1"]
[White "Negi, Parimarjan"]
[Black "Holt, Conrad"]
[Result "1/2-1/2"]
[WhiteElo "2634"]
[BlackElo "2531"]
[PlyCount "53"]
[EventDate "2013.06.??"]
[EventType "swiss"]
[EventRounds "9"]
[EventCountry "USA"]
[SourceDate "2013.06.27"]

1. e4 e6 2. d4 d5 3. Nc3 Bb4 4. e5 Ne7 5. a3 Bxc3+ 6. bxc3 c5 7. h4 Qc7 8. Nf3
b6 9. h5 h6 10. Bb5+ Bd7 11. Bd3 c4 12. Be2 Ba4 13. Bf4 Nbc6 14. Qd2 O-O-O 15.
Nh2 Qd7 16. Ng4 Qe8 17. Bh2 Qg8 18. Ne3 Qh7 19. g4 f5 20. Rg1 Rhf8 21. f4 fxg4
22. Bxg4 Nf5 23. Bxf5 Rxf5 24. Nxf5 Qxf5 25. O-O-O Qf8 26. Kb2 Ne7 27. f5
1/2-1/2

[Event "DC International"]
[Site "Arlington, VA"]
[Date "2013.06.30"]
[Round "8.2"]
[White "Cheng, Bindi"]
[Black "Fernandez, Daniel"]
[Result "1-0"]
[WhiteElo "2406"]
[BlackElo "2396"]
[PlyCount "51"]
[EventDate "2013.06.??"]
[EventType "swiss"]
[EventRounds "9"]
[EventCountry "USA"]
[SourceDate "2013.06.27"]

1. d4 d5 2. c4 c6 3. Nf3 Nf6 4. Nc3 dxc4 5. a4 Bf5 6. e3 e6 7. Bxc4 Bb4 8. O-O
Nbd7 9. Nh4 Bg4 10. f3 Bh5 11. g4 Bg6 12. e4 O-O 13. g5 Ne8 14. Ne2 c5 15. Ng3
Nd6 16. Bd3 e5 17. dxe5 Nxe5 18. Bc2 f6 19. f4 fxg5 20. fxe5 gxh4 21. exd6 hxg3
22. Qd5+ Kh8 23. Bg5 gxh2+ 24. Kxh2 Qd7 25. Be7 Qg4 26. Bd1 1-0

[Event "DC International"]
[Site "Arlington, VA"]
[Date "2013.06.30"]
[Round "8.3"]
[White "Enkhbat, Tegshsuren"]
[Black "Shetty, Atulya"]
[Result "1/2-1/2"]
[WhiteElo "2426"]
[BlackElo "2320"]
[PlyCount "133"]
[EventDate "2013.06.??"]
[EventType "swiss"]
[EventRounds "9"]
[EventCountry "USA"]
[SourceDate "2013.06.27"]

1. d4 d5 2. c4 c6 3. Nf3 Nf6 4. Qc2 a6 5. e3 g6 6. Bd3 Bg7 7. Nbd2 O-O 8. b3 c5
9. Bb2 cxd4 10. exd4 Nc6 11. a3 Be6 12. O-O Nh5 13. c5 Nf4 14. Rfe1 Nxd3 15.
Qxd3 Bf5 16. Qe3 Re8 17. Ne5 f6 18. Nxc6 bxc6 19. Qg3 Qb8 20. Bc3 e5 21. b4 Ra7
22. Nb3 Rae7 23. f3 Bc2 24. Na5 Ba4 25. Qf2 Qb5 26. Qf1 Qxf1+ 27. Kxf1 Rd7 28.
Kf2 Re6 29. Ra2 Kf7 30. g3 e4 31. f4 f5 32. h4 h6 33. Ke3 Bf6 34. Rh1 Re8 35.
Rah2 Rg8 36. Rh3 Ke6 37. Be1 Rdg7 38. Bf2 Rc7 39. R3h2 Rh7 40. Rh3 Rhg7 41.
R3h2 Bd8 42. Be1 Bf6 43. Bf2 Bb5 44. Rh3 g5 45. hxg5 hxg5 46. Rh7 gxf4+ 47.
gxf4 Rg2 48. R7h2 R8g3+ 49. Bxg3 Rxg3+ 50. Kf2 Rf3+ 51. Kg2 Rxf4 52. Rh6 e3 53.
a4 Bxa4 54. Re1 Rf2+ 55. Kg1 f4 56. Nb7 Ke7 57. Nd6 Bc2 58. Ra1 Bd3 59. b5 cxb5
60. Nc8+ Kd8 61. Rxf6 Kxc8 62. Raxa6 Rf1+ 63. Kh2 e2 64. Rac6+ Kd7 65. Rcd6+
Ke7 66. Rde6+ Kd8 67. Rd6+ 1/2-1/2

[Event "DC International"]
[Site "Arlington, VA"]
[Date "2013.06.30"]
[Round "8.4"]
[White "Jayakumar, Adarsh"]
[Black "Cornejo, Max"]
[Result "1/2-1/2"]
[WhiteElo "2340"]
[BlackElo "2395"]
[PlyCount "60"]
[EventDate "2013.06.??"]
[EventType "swiss"]
[EventRounds "9"]
[EventCountry "USA"]
[SourceDate "2013.06.27"]

1. d4 Nf6 2. c4 e6 3. Nc3 d5 4. cxd5 exd5 5. Bg5 c6 6. Qc2 Be7 7. e3 Nbd7 8.
Bd3 Nh5 9. Bxe7 Qxe7 10. Nge2 Nb6 11. O-O g6 12. a3 Ng7 13. b4 Bf5 14. b5 O-O
15. a4 cxb5 16. axb5 Rfc8 17. Bxf5 Nxf5 18. Qb3 Qd6 19. Ra2 a5 20. bxa6 Rxa6
21. Rxa6 bxa6 22. Ra1 Nc4 23. Qb7 Rc6 24. e4 dxe4 25. Nxe4 Qc7 26. Qxc7 Rxc7
27. Rxa6 Re7 28. f3 Nd2 29. Nf6+ Kg7 30. Kf2 Nb3 1/2-1/2

[Event "DC International"]
[Site "Arlington, VA"]
[Date "2013.06.30"]
[Round "8.5"]
[White "Balasubramanian, Adithya"]
[Black "Panchanathan, Magesh"]
[Result "0-1"]
[WhiteElo "2298"]
[BlackElo "2570"]
[PlyCount "86"]
[EventDate "2013.06.??"]
[EventType "swiss"]
[EventRounds "9"]
[EventCountry "USA"]
[SourceDate "2013.06.27"]

1. g3 e5 2. c4 Nf6 3. Nc3 d5 4. cxd5 Nxd5 5. Bg2 Nb6 6. Nf3 Nc6 7. O-O Be7 8.
d3 O-O 9. a3 Be6 10. b4 a6 11. Bb2 f6 12. Rc1 Qc8 13. Ne4 Rd8 14. Qc2 Kh8 15.
Rfd1 Bd5 16. d4 Nc4 17. dxe5 Nxb2 18. exf6 Bxe4 19. Rxd8+ Bxd8 20. fxg7+ Kxg7
21. Qxe4 Bf6 22. Rc5 Qe8 23. Qg4+ Kh8 24. Ng5 Qg8 25. Qh5 Rf8 26. Be4 Bxg5 27.
Rxg5 Qf7 28. f4 Qxh5 29. Rxh5 Re8 30. Bxh7 Kg7 31. e4 Ne7 32. b5 c6 33. bxa6
bxa6 34. g4 Nd3 35. f5 Nf4 36. Rh4 Kf6 37. Kf2 Kg5 38. Kg3 Rb8 39. Bg8 Nxg8 40.
Rh7 Rb3+ 41. Kf2 Nf6 42. h4+ Kxg4 43. Re7 Rb2+ 0-1

[Event "DC International"]
[Site "Arlington, VA"]
[Date "2013.06.30"]
[Round "8.6"]
[White "Bodek, Michael"]
[Black "Gerzhoy, Leonid"]
[Result "1/2-1/2"]
[WhiteElo "2339"]
[BlackElo "2469"]
[PlyCount "117"]
[EventDate "2013.06.??"]
[EventType "swiss"]
[EventRounds "9"]
[EventCountry "USA"]
[SourceDate "2013.06.27"]

1. e4 e6 2. d4 d5 3. Nc3 Nf6 4. Bg5 Be7 5. e5 Nfd7 6. h4 c5 7. Nb5 f6 8. Bd3 a6
9. Qh5+ Kf8 10. Nh3 axb5 11. Nf4 Nxe5 12. dxe5 Nc6 13. exf6 Bxf6 14. Ng6+ hxg6
15. Qxh8+ Kf7 16. Qh7 Ne5 17. h5 Bxg5 18. hxg6+ Ke7 19. Qxg7+ Kd6 20. Rh8 Qf6
21. Qf8+ Qxf8 22. Rxf8 Bh6 23. Rg8 c4 24. Be2 Nd7 25. g7 Ke5 26. g3 Kf6 27. Bg4
Bxg7 28. Bxe6 Nf8 29. Bxd5 Bf5 30. O-O-O Rxa2 31. Kb1 Ra6 32. g4 Be6 33. Bxe6
Rxe6 34. Rd5 Kf7 35. Rxg7+ Kxg7 36. Rxb5 b6 37. f4 Rc6 38. Rg5+ Kf7 39. Ka2 Ne6
40. Re5 Nxf4 41. Ka3 Ne6 42. Kb4 Nc7 43. g5 Kg6 44. Kc3 Kh5 45. Kb4 Kg4 46. g6
Rxg6 47. Kxc4 Rc6+ 48. Kb3 Kf4 49. Re2 Re6 50. Rxe6 Nxe6 51. Kb4 Nc7 52. c4 Ke5
53. c5 b5 54. Ka5 Ke6 55. Kb6 Kd7 56. b4 Kc8 57. Kc6 Kd8 58. Kd6 Kc8 59. Kc6
1/2-1/2

[Event "DC International"]
[Site "Arlington, VA"]
[Date "2013.06.30"]
[Round "8.7"]
[White "Sarkar, Justin"]
[Black "Li, Ruifeng"]
[Result "1-0"]
[WhiteElo "2455"]
[BlackElo "2203"]
[PlyCount "97"]
[EventDate "2013.06.??"]
[EventType "swiss"]
[EventRounds "9"]
[EventCountry "USA"]
[SourceDate "2013.06.27"]

1. d4 d5 2. c4 c6 3. Nf3 Nf6 4. Nc3 e6 5. Bg5 dxc4 6. e4 b5 7. e5 h6 8. Bh4 g5
9. Nxg5 hxg5 10. Bxg5 Nbd7 11. exf6 Bb7 12. g3 c5 13. d5 Bh6 14. Bxh6 Rxh6 15.
Qd2 Rxf6 16. Bg2 Qb6 17. Ne4 Bxd5 18. Nxf6+ Nxf6 19. O-O O-O-O 20. Qf4 Bxg2 21.
Kxg2 Qb7+ 22. Kg1 Nd5 23. Qe5 Qc6 24. Rad1 a5 25. h4 a4 26. Rfe1 Qc7 27. f4
Qxe5 28. Rxe5 Kc7 29. f5 Kd6 30. Re2 a3 31. bxa3 Ra8 32. fxe6 fxe6 33. h5 Rxa3
34. Kf2 Ra8 35. g4 b4 36. h6 c3 37. g5 c4 38. g6 b3 39. axb3 cxb3 40. g7 c2 41.
Rde1 Nf6 42. Rxe6+ Kc5 43. Rxf6 b2 44. Rf5+ Kd6 45. Rd5+ Kc6 46. Rdd1 cxd1=N+
47. Rxd1 Ra1 48. g8=Q Rxd1 49. Qc8+ 1-0

[Event "DC International"]
[Site "Arlington, VA"]
[Date "2013.06.30"]
[Round "8.12"]
[White "Gu, Christopher"]
[Black "Prathiba, Yuvarajan"]
[Result "1-0"]
[WhiteElo "2264"]
[BlackElo "2189"]
[PlyCount "85"]
[EventDate "2013.06.??"]
[EventType "swiss"]
[EventRounds "9"]
[EventCountry "USA"]
[SourceDate "2013.06.27"]

1. d4 e6 2. c4 f5 3. g3 Nf6 4. Bg2 d5 5. Nf3 c6 6. O-O Bd6 7. b3 Qe7 8. Bb2 O-O
9. Nbd2 b6 10. Ne5 Bb7 11. Rc1 Nfd7 12. Ndf3 a5 13. Nd3 Na6 14. Nfe5 Rfc8 15.
Qd2 Nb4 16. Bc3 Nxd3 17. exd3 Nxe5 18. dxe5 Bb4 19. d4 Bxc3 20. Rxc3 a4 21.
Rfc1 axb3 22. Rxb3 Qd8 23. Rcb1 Ra6 24. cxd5 exd5 25. a4 Rxa4 26. Rxb6 Ba6 27.
Qc2 Bb5 28. Qxf5 Rxd4 29. Bf1 Rc7 30. Qe6+ Kh8 31. Bxb5 cxb5 32. R1xb5 Rdc4 33.
Rb8 Rc8 34. Rxc8 Rxc8 35. Qxd5 Qf8 36. Rb7 Qf5 37. Rf7 Qh3 38. Qc5 Kg8 39. Rc7
Rd8 40. Rxg7+ Kxg7 41. Qe7+ Kg8 42. Qxd8+ Kg7 43. Qf6+ 1-0

[Event "DC International"]
[Site "Arlington, VA"]
[Date "2013.06.30"]
[Round "8.14"]
[White "Maldonado, Oscar"]
[Black "Mo, Kevin"]
[Result "0-1"]
[WhiteElo "2194"]
[BlackElo "2273"]
[PlyCount "62"]
[EventDate "2013.06.??"]
[EventType "swiss"]
[EventRounds "9"]
[EventCountry "USA"]
[SourceDate "2013.06.27"]

1. d4 Nf6 2. c4 g6 3. Nc3 Bg7 4. e4 d6 5. Nf3 O-O 6. Be2 e5 7. O-O Nc6 8. d5
Ne7 9. b4 Ne8 10. c5 f5 11. Ng5 h6 12. Ne6 Bxe6 13. dxe6 fxe4 14. cxd6 Nxd6 15.
Qb3 Kh7 16. Rd1 Nc6 17. Nxe4 Nd4 18. Qd3 Qh4 19. Nxd6 Qxf2+ 20. Kh1 cxd6 21. e7
Rfe8 22. Bf1 Rxe7 23. Be3 Qh4 24. Bxd4 exd4 25. g3 Qh5 26. Qb5 Qe5 27. Bd3 Rc8
28. Re1 Qxe1+ 29. Rxe1 Rxe1+ 30. Kg2 Rc3 31. Bf1 a6 0-1

[Event "DC International"]
[Site "Arlington, VA"]
[Date "2013.06.30"]
[Round "8.17"]
[White "Aaron, Deepak"]
[Black "Viswanadha, Kesav"]
[Result "1-0"]
[WhiteElo "2252"]
[BlackElo "2177"]
[PlyCount "71"]
[EventDate "2013.06.??"]
[EventType "swiss"]
[EventRounds "9"]
[EventCountry "USA"]
[SourceDate "2013.06.27"]

1. e4 c5 2. Nf3 d6 3. d4 cxd4 4. Nxd4 Nf6 5. Nc3 a6 6. Bc4 e6 7. Bb3 Nbd7 8. f4
Nc5 9. e5 dxe5 10. fxe5 Nfd7 11. Bf4 b5 12. Qe2 Bb7 13. O-O-O Qc7 14. Rhf1 b4
15. Na4 Nxb3+ 16. axb3 Nc5 17. Kb1 Rc8 18. Rfe1 Ne4 19. Nf3 Nc5 20. Nd4 Ne4 21.
Rd3 h5 22. Nf3 Nc5 23. Nxc5 Bxc5 24. Nd2 a5 25. Nc4 Ba6 26. Rd2 Qa7 27. Red1
Bxc4 28. Qxc4 O-O 29. Rd7 Qb6 30. Qe2 Qc6 31. R7d3 a4 32. Rg3 Rcd8 33. Rxd8
Rxd8 34. Qxh5 Bf8 35. Rh3 f5 36. exf6 1-0

[Event "DC International"]
[Site "Arlington, VA"]
[Date "2013.06.30"]
[Round "8.18"]
[White "Clancy, Daniel"]
[Black "Wheeler, Cameron"]
[Result "1/2-1/2"]
[WhiteElo "2115"]
[BlackElo "2215"]
[PlyCount "52"]
[EventDate "2013.06.??"]
[EventType "swiss"]
[EventRounds "9"]
[EventCountry "USA"]
[SourceDate "2013.06.27"]

1. d4 d5 2. c4 c6 3. Nf3 Nf6 4. Nc3 e6 5. Bg5 h6 6. Bxf6 Qxf6 7. e3 Nd7 8. Bd3
dxc4 9. Bxc4 g6 10. O-O Bg7 11. Re1 O-O 12. e4 e5 13. d5 Nb6 14. Bb3 Bg4 15.
Re3 Rad8 16. h3 Bxf3 17. Rxf3 Qe7 18. a4 a5 19. Rc1 Qb4 20. Qc2 Rc8 21. dxc6
Rxc6 22. Qd1 Rd6 23. Nd5 Nxd5 24. Bxd5 Rd7 25. Qb3 Qe7 26. Qb6 Qd8 1/2-1/2

[Event "DC International"]
[Site "Arlington, VA"]
[Date "2013.06.30"]
[Round "8.19"]
[White "Beilin, Allan"]
[Black "Samuelson, Andrew"]
[Result "1/2-1/2"]
[WhiteElo "2026"]
[BlackElo "2207"]
[PlyCount "202"]
[EventDate "2013.06.??"]
[EventType "swiss"]
[EventRounds "9"]
[EventCountry "USA"]
[SourceDate "2013.06.27"]

1. e4 c5 2. Nf3 d6 3. d4 cxd4 4. Nxd4 Nf6 5. Nc3 a6 6. Be2 e5 7. Nb3 Be7 8. O-O
O-O 9. Be3 Be6 10. Nd5 Nbd7 11. Qd3 Bxd5 12. exd5 Rc8 13. c4 e4 14. Qd4 Re8 15.
Qd2 Ne5 16. Rac1 Nfg4 17. Bf4 g5 18. Bg3 f5 19. h3 f4 20. Bxg4 Nxg4 21. hxg4
fxg3 22. Nd4 Bf6 23. Ne6 Qb6 24. b4 Rxe6 25. c5 dxc5 26. dxe6 Qxe6 27. Kh1 gxf2
28. Rxf2 e3 29. Qe2 Bd4 30. Rf5 c4 31. Rxg5+ Kh8 32. Rd1 Bf6 33. Rc5 Rxc5 34.
bxc5 c3 35. Rd6 Qe5 36. Rxf6 Qxf6 37. Qxe3 Qf1+ 38. Kh2 Qc4 39. Qe5+ Kg8 40.
Qe8+ Kg7 41. Qe5+ Kf7 42. Qf5+ Ke7 43. Qe5+ Kf8 44. Qf6+ Ke8 45. Qe5+ Kf7 46.
Qf5+ Ke7 47. Qe5+ Qe6 48. Qxc3 Qxg4 49. Qe5+ Qe6 50. Qg7+ Qf7 51. Qe5+ Kd7 52.
a4 Qe6 53. Qb2 Qh6+ 54. Kg1 Qe3+ 55. Kh2 Qf4+ 56. Kg1 Qe4 57. Qb6 Qc6 58. Qb4
Ke6 59. Qd4 Qd5 60. Qg4+ Qf5 61. Qb4 Qd5 62. Qg4+ Kf7 63. Kh1 Qxc5 64. Qf3+ Kg6
65. Qe4+ Qf5 66. Qxb7 Qh5+ 67. Kg1 Qd1+ 68. Kh2 Qxa4 69. Qb6+ Kf5 70. Qc5+ Ke6
71. Qe3+ Kf5 72. Qc5+ Kg4 73. Qc8+ Kg5 74. Qg8+ Kh6 75. Qe6+ Kg7 76. Qe7+ Kg8
77. Qg5+ Kf8 78. Qf5+ Ke8 79. Qxh7 a5 80. Qh8+ Kd7 81. Qg7+ Kc8 82. Qf8+ Kb7
83. Qe7+ Kb6 84. Qd8+ Kc5 85. Qc7+ Kd5 86. Qd8+ Ke6 87. Qb6+ Kd7 88. Qb7+ Ke8
89. Qb8+ Ke7 90. Qe5+ Kd7 91. Qd5+ Kc7 92. Qc5+ Kb7 93. Qd5+ Kb6 94. Qd8+ Kb5
95. Qd7+ Kb4 96. Qxa4+ Kxa4 97. g4 Kb4 98. g5 a4 99. g6 a3 100. g7 a2 101. g8=Q
a1=Q 1/2-1/2

[Event "DC International"]
[Site "Arlington, VA"]
[Date "2013.06.30"]
[Round "8.23"]
[White "Bowersock, Michael"]
[Black "Nieto, Manuel"]
[Result "1-0"]
[WhiteElo "2124"]
[BlackElo "1975"]
[PlyCount "61"]
[EventDate "2013.06.??"]
[EventType "swiss"]
[EventRounds "9"]
[EventCountry "USA"]
[SourceDate "2013.06.27"]

1. c4 e5 2. g3 Nf6 3. Bg2 Nc6 4. Nc3 Bb4 5. Nd5 Bc5 6. e3 d6 7. Ne2 Nxd5 8.
cxd5 Ne7 9. O-O O-O 10. d4 Bb6 11. b3 Bg4 12. dxe5 dxe5 13. Bb2 Qd6 14. h3 Bh5
15. g4 Bg6 16. Kh1 f6 17. Nc3 a6 18. Qe2 Rfd8 19. f4 c6 20. Rad1 Qc7 21. dxc6
bxc6 22. Na4 Nd5 23. Nxb6 Nxb6 24. g5 Nd5 25. gxf6 gxf6 26. fxe5 fxe5 27. Qc4
Bf7 28. Qg4+ Bg6 29. Qe6+ Bf7 30. Rxf7 Qxf7 31. Qxe5 1-0

[Event "DC International"]
[Site "Arlington, VA"]
[Date "2013.06.30"]
[Round "8.24"]
[White "Sakai, Hibicki"]
[Black "Cao, Alvin"]
[Result "1-0"]
[WhiteElo "2093"]
[BlackElo "1973"]
[PlyCount "63"]
[EventDate "2013.06.??"]
[EventType "swiss"]
[EventRounds "9"]
[EventCountry "USA"]
[SourceDate "2013.06.27"]

1. e4 c6 2. d4 d5 3. e5 Bf5 4. Nc3 e6 5. g4 Bg6 6. Nge2 h6 7. Be3 Nd7 8. Bg2
Ne7 9. O-O c5 10. f4 Nc6 11. f5 Bh7 12. fxe6 fxe6 13. Nf4 cxd4 14. Nxe6 Qa5 15.
Nxd5 Rc8 16. Bd2 Qa4 17. b3 Qa3 18. Ndc7+ Ke7 19. Bxc6 bxc6 20. Qe1 c5 21. Qh4+
g5 22. Bxg5+ hxg5 23. Qxg5+ Nf6 24. Qxf6+ Kd7 25. Qxh8 Be4 26. Rxf8 Qb2 27.
Rxc8 Qxa1+ 28. Kf2 Bg6 29. Qd8+ Kc6 30. Qd5+ Kb6 31. Rb8+ Ka5 32. Qxc5# 1-0